Sčítání lidu v republice Československé ke dni 1. března 1950 Věkové složení a povolání obyvatelstva

Gespeichert in:
Bibliographische Detailangaben
Format: Buch
Sprache:Tschechisch
Veröffentlicht: Praha Státní úřad statistický 1958
Ausgabe:1. vyd.
Tags: Tag hinzufügen
Keine Tags, Fügen Sie das erste Tag hinzu!

MARC

LEADER 00000nam a2200000 4500
001 c034781
005 20221220102648.5
041 0 |a cze 
044 |a CZ 
245 1 0 |a Sčítání lidu v republice Československé ke dni 1. března 1950  |b Věkové složení a povolání obyvatelstva 
250 |a 1. vyd. 
264 1 |a Praha  |b Státní úřad statistický  |c 1958 
300 |a 315 s.